000 00584nam a2200193Ia 4500
005 20250508164642.0
008 008 250505s9999 xx 000 0 eng d
020 _a81-7671-006-7
037 _aTextual
040 _aFEDL
_beng
_cFEDL
041 _aeng
_2eng
084 _a305, ASI
_qFEDL
245 0 _aPeople of India : Andhra Pradesh Vol. 13. 3 Parts
245 0 _cANTHROPOLOGICAL SURVEY OF INDIA
260 _aNew Delhi, India
_bAffifliated East-West Press Private Limited
_c2003
365 _aINR
_b2529
942 _cTEXL
_h305, ASI
999 _c1390346
_d1390346